000 00740nam a2200217Ia 4500
008 191130s2001##################000#0#eng##
020 _a9780333604908
022 _a59126
040 _aACL
_cACL
082 _a351.4 STE
100 _aStevens, Anne
245 _aBrussels bureaucrats? : the administration of the European union
_cAnne Stevens with Handley Stevens
260 _aHoundmills, Basingstoke, Hampshire ; New York
_bPalgrave
_c2001
300 _axxiv, 277 p. : ill. ; 23 cm
500 _aIncludes bibliographical references (p. 255-264) and index
650 _aEuropean Union - Officials and employees
700 _aStevens, Handley
990 _a25e9177eac10000c166c48880a7b8ec3
991 _a47785
999 _c120480
_d120480